000
00177 a2200097 4500
001
480
100
_a
Page,A
245
_a
Algebra
260
_a
_b
UO London
_c
090
_c
96
_d
96
942
_a
NUST-CAE
_c
M
_c
36488
999
_c
235553
_d
235553